00501 a2200169 4500050002100000100002700021245008600048264004000134300001100174500002800185650001500213651001700228700002700245700002400272710001900296710001600315 aKTL19.A35SOU1997 aFisher David SeEditor aSouth African Law Reports :b1997 (4) May /cedited by David S Fisher [et ...al] aCape Town :bJuta and CO,LTD,c1997 a390 p. aIncludes table of cases aLaw report aSouth Africa aFisher David Seeditor aOwen Barroweeditor aBrenda Krynauw aNita Hanmer